Statistiche per Riconosci lo Stato - Quiz n°180

Clicka qui per fare il quiz!

Statistiche generali

  • Questo quiz è stato fatto 10 volte
  • Il punteggio medio è 11 su 12

Statistiche sulle risposte

IndizioRisposta% Corretto
Superficie20.770 km²
100%
Popolazione9 656 000 ab.
100%
Iniziale della CapitaleG
100%
ValutaNuovo siclo
100%
Fuso OrarioUTC+2
100%
ISU0,899
89%
Tasso di crescita2,2%
89%
PIL (nominale)527 180 milioni di $
89%
Primo ministroBenjamin Netanyahu
89%
Presidente della RepubblicaIsaac Herzog
89%
Forma di GovernoRepubblica parlamentare
89%
RispostaIsraele
78%

Distribuzione punteggi

Percentile per numero di risposta

Percentuale di utenti per punteggio

I tuoi punteggi nel tempo

Non hai fatto questo quiz